000
00298nam a22001457a 4500
008
230508b ||||| |||| 00| 0 eng d
020
_a
9780199356331
041
_a
eng
080
_a
7
082
_a
7GAR
100
_a
19
101
_a
ART
245
_a
NOW PLAYING
_c
GARARD.D
942
_2
udc
_c
BK
999
_c
59674
_d
59674